00646nam a2200229Ia 4500008004100000020001800041041001200059082000800071082001100079100001800090100001100108245003100119260001000150260002600160260000900186300001500195365002500210650001900235942000700254999001900261952013600280150909s9999 xx 000 0 und d a9788170356493 aEnglish a640 bJAC/HA aJacob John P  eAuthor aHandbook on food packaging aDelhi bDaya Publishing House c2010 a198 Pages aRs.600/-  aFood packaging cBK c252352d252352 00104070aKAUCOAbKAUCOAd2022-03-03g600.00l7o640 JAC/HApKAU-COA-G-49 r2020-02-29 00:00:00s2020-02-22w2015-09-16yBK